Normal view MARC view
  • Iglesia Católica

Entry Nombre Corporativo

Number of records used in: 5

001 - NÚMERO DE CONTROL

  • campo de control: 52364

003 - IDENTIFICADOR DE NUMERO DE CONTROL

  • campo de control: MX-MxUPN

005 - FECHA Y HORA DE LA ÜLTIMA TRANSACCIÓN

  • campo de control: 20240612154411.0

008 - DATOS DE LONGITUD FIJA

  • campo de control de longitud fija: 240612nn fnnnnbaba n ana d

040 ## - FUENTE DE CATALOGACIÓN

  • Agencia original de catalogación: MX-MxUPN
  • Lenguaje de catalogación: spa

110 2# - ENCABEZAMIENTO - NOMBRE CORPORATIVO

  • Nombre corporativo o de jurisdicción como elemento de entrada : Iglesia Católica
  • Subdivisión temática general: Educación

670 ## - FUENTE EN LA QUE SE LOCALIZARON DATOS

  • Cita de la fuente : LC Authorities, 12 junio 2024 :
  • Información localizada: (Catholic Church--Education)
  • Uniform Resource Identifier: https://lccn.loc.gov/sh85021106

902 ## - CATALOGADOR

  • Catalogador: BDV/260900
  • Catalogador: VíctorGodínez/120624